<?xml version="1.0" encoding="UTF-8"?>
<record
    xmlns:xsi="http://www.w3.org/2001/XMLSchema-instance"
    xsi:schemaLocation="http://www.loc.gov/MARC21/slim http://www.loc.gov/standards/marcxml/schema/MARC21slim.xsd"
    xmlns="http://www.loc.gov/MARC21/slim">

  <leader>01172nam a2200253Ia 4500</leader>
  <controlfield tag="008">      t    2012mx            000 0 spa d</controlfield>
  <datafield tag="020" ind1=" " ind2=" ">
    <subfield code="a">9700765822</subfield>
  </datafield>
  <datafield tag="050" ind1=" " ind2=" ">
    <subfield code="a">JC255 P67 2012</subfield>
  </datafield>
  <datafield tag="100" ind1=" " ind2=" ">
    <subfield code="a">PORR&#xDA;A P&#xC9;REZ, Francisco</subfield>
    <subfield code="e">/autor</subfield>
  </datafield>
  <datafield tag="245" ind1=" " ind2=" ">
    <subfield code="a">Teor&#xED;a del estado </subfield>
    <subfield code="b">: Teor&#xED;a pol&#xED;tica</subfield>
    <subfield code="c">/Francisco Porr&#xFA;a P&#xE9;rez</subfield>
  </datafield>
  <datafield tag="250" ind1=" " ind2=" ">
    <subfield code="a">40a ed.</subfield>
  </datafield>
  <datafield tag="260" ind1=" " ind2=" ">
    <subfield code="a">M&#xE9;xico </subfield>
    <subfield code="b">: Porr&#xFA;a</subfield>
    <subfield code="c">, 2012</subfield>
  </datafield>
  <datafield tag="300" ind1=" " ind2=" ">
    <subfield code="a">531 p&#xE1;ginas</subfield>
  </datafield>
  <datafield tag="337" ind1=" " ind2=" ">
    <subfield code="a">texto</subfield>
  </datafield>
  <datafield tag="338" ind1=" " ind2=" ">
    <subfield code="a">sin medio</subfield>
  </datafield>
  <datafield tag="339" ind1=" " ind2=" ">
    <subfield code="a">volumen</subfield>
  </datafield>
  <datafield tag="500" ind1=" " ind2=" ">
    <subfield code="a">Educaci&#xF3;n Mixta
Derecho / Teor&#xED;a del Estado (B08-2) / (17 001434)</subfield>
  </datafield>
  <datafield tag="500" ind1=" " ind2=" ">
    <subfield code="a">&#xCD;ndice</subfield>
  </datafield>
  <datafield tag="505" ind1=" " ind2=" ">
    <subfield code="a">Objeto de la teor&#xED;a del estado.- La Teor&#xED;a del estado como ciencia pol&#xED;tica.- Desarrollo de la ciencia pol&#xED;tica.- El Nombre de las organizaciones pol&#xED;ticas.- Objeto de la ciencia pol&#xED;tica.- El M&#xE9;todo en la teor&#xED;a del estado.- Estado y derecho.- Derecho p&#xFA;blico y derecho privado.- Naturaleza del estado.- Las Teor&#xED;as jur&#xED;dicas del estado.- Concepto del estado.- Los Elementos del Estado, examen del estado desde el putno de vista ontol&#xF3;gico.</subfield>
  </datafield>
  <datafield tag="650" ind1="1" ind2="4">
    <subfield code="a">ESTADO, EL</subfield>
  </datafield>
  <datafield tag="650" ind1="2" ind2="4">
    <subfield code="a">POL&#xCD;TICA</subfield>
    <subfield code="x">ESTADO</subfield>
  </datafield>
  <datafield tag="650" ind1="3" ind2="4">
    <subfield code="a">ORGANIZACI&#xD3;N SOCIAL</subfield>
    <subfield code="x">ESTADO</subfield>
  </datafield>
  <datafield tag="942" ind1=" " ind2=" ">
    <subfield code="c">LB</subfield>
  </datafield>
  <datafield tag="952" ind1=" " ind2=" ">
    <subfield code="0">0</subfield>
    <subfield code="1">0</subfield>
    <subfield code="4">0</subfield>
    <subfield code="7">0</subfield>
    <subfield code="a">22</subfield>
    <subfield code="b">22</subfield>
    <subfield code="d">2013-09-02</subfield>
    <subfield code="e">Promotora NARO</subfield>
    <subfield code="l">30</subfield>
    <subfield code="m">4</subfield>
    <subfield code="o">JC255   P67   2012</subfield>
    <subfield code="p">17 001434</subfield>
    <subfield code="r">2020-01-06</subfield>
    <subfield code="s">2019-12-18</subfield>
    <subfield code="t">1</subfield>
    <subfield code="w">2013-09-02</subfield>
    <subfield code="y">LB</subfield>
  </datafield>
  <datafield tag="999" ind1=" " ind2=" ">
    <subfield code="c">90680</subfield>
    <subfield code="d">90680</subfield>
  </datafield>
</record>
